000 00334nam a2200133 i 4500
001 bg
100 1 _aWYSMYK, Henryk
245 0 _aEkonomia polityczna kapitalizmu :
_bzagadnienia wybrane /
_cHenryk Wysmyk.
260 _aŁódź,
_c1974.
040 _cBPK
041 _apol
942 _cKS
008 s pl f |000 0 pol
999 _c26292
_d26292
856 _uhttp://koha.tu.koszalin.pl/cgi-bin/koha/opac-detail.pl?biblionumber=26292
_yKatalog online BPK